000
00272nam a22001337a 4500
008
170419b xxu||||| |||| 00| 0 eng d
020
_a
9780534530013
041
_a
eng
080
_a
573
100
_a
11
101
_a
SHM
245
_a
BIOLOGY
_c
STARR
942
_2
udc
_c
BK
999
_c
11279
_d
11279